ARRUPE JESUIT UNIVERSITY

CORONAVIRUS -STOP THE SPREAD - CLEAN,DISINFECT,COVER

Politics in its Place (Record no. 119941)

MARC details
000 -LEADER
fixed length control field 00486nam a22001457a 4500
008 - FIXED-LENGTH DATA ELEMENTS--GENERAL INFORMATION
fixed length control field 140205b xxu||||| |||| 00| 0 eng d
020 ## - INTERNATIONAL STANDARD BOOK NUMBER
International Standard Book Number 0-19-824922-5
050 ## - LIBRARY OF CONGRESS CALL NUMBER
Classification number JA83.G68 1985
100 ## - MAIN ENTRY--PERSONAL NAME
Personal name Graham, Gordon
9 (RLIN) 7949
245 ## - TITLE STATEMENT
Title Politics in its Place
Remainder of title a study of six ideologies
Statement of responsibility, etc Gordon Graham
260 ## - PUBLICATION, DISTRIBUTION, ETC. (IMPRINT)
Place of publication, distribution, etc Oxford
Name of publisher, distributor, etc Clarendon Press
Date of publication, distribution, etc 1986
300 ## - PHYSICAL DESCRIPTION
Extent viii, 195p. ;
Dimensions 22cm.
650 ## - SUBJECT ADDED ENTRY--TOPICAL TERM
Topical term or geographic name as entry element Political Science
General subdivision History
-- Philosophy
-- Ideology
Chronological subdivision 20th Century
9 (RLIN) 7950
942 ## - ADDED ENTRY ELEMENTS (KOHA)
Source of classification or shelving scheme Library of Congress Classification
Item type Monograph ( Printed materials)
Holdings
Withdrawn status Lost status Source of classification or shelving scheme Damaged status Not for loan Collection code Home library Current library Shelving location Date acquired Total Checkouts Full call number Barcode Date last seen Price effective from Koha item type
    Library of Congress Classification     Main Collection ARRUPE LIBRARY ARRUPE LIBRARY Main Collection 05/02/2014   JA83.G68 1985 46412003 21/06/2018 05/02/2014 Monograph ( Printed materials)

 

Arrupe Library. PO Box MP320 Mt Pleasant, Harare, Zimbabwe
263 242 745411|librarian@aju.ac.zw